Kitchen Gadgets: Odd but Useful Quiz Stats

 Plays Quiz Updated Nov 24, 2017

Challenge
Share
Tweet
Score 0/15 Timer 04:00
13 Plays Today
% Correct
Avocado Slicer
86.6%
Potato Masher
86.5%
Banana Slicer
83.5%
Strawberry Huller
83.2%
Apple Peeler
76.4%
Grill Mats
75.3%
Pitter-Slicer
74.5%
Cherry Pitter
68.9%
% Correct
Spaghetti Measurer
67.1%
Pineapple Corer
62.5%
Butter Curler
59.9%
Egg Cuber
50.9%
Garlic Peeler
44.2%
Corn Stripper
35.6%
Herb Stripper
33.5%

You're not logged in!

Compare scores with friends on all Sporcle quizzes.
OR
Log In

You Might Also Like...

Show Comments

Extras

Top Quizzes Today


Score Distribution

Your Account Isn't Verified!

In order to create a playlist on Sporcle, you need to verify the email address you used during registration. Go to your Sporcle Settings to finish the process.

Report this User

Report this user for behavior that violates our Community Guidelines.

Details: